Beeline: student's book 6
Uloženo v:
| Hlavní autoři: | , |
|---|---|
| Další autoři: | |
| Médium: | Kniha |
| Jazyk: | angličtina |
| Vydáno: |
Oxford
MacMillan
1998
|
| Témata: | |
| Tagy: |
Přidat tag
Žádné tagy, Buďte první, kdo vytvoří štítek k tomuto záznamu!
|
MARC
| LEADER | 00000nam a2200000 a 4500 | ||
|---|---|---|---|
| 001 | UCN0085 | ||
| 003 | CL-VaPUC | ||
| 008 | 010316e19980000UK |||||||||||||||||eng|d | ||
| 082 | 0 | 4 | |a 372.6521 |b KNI |2 21 |
| 100 | |a Kniveton, Julie |e author |9 611860 | ||
| 700 | |a Llanas, Angela |e autora |9 611893 | ||
| 700 | 0 | |a Williams, Libby |e author |9 554720 | |
| 245 | 1 | 0 | |a Beeline: student's book 6 |
| 300 | |a 105 p | ||
| 942 | |c BK | ||
| 945 | |d 20010316 00:00:00 |a cmena | ||
| 260 | |a Oxford |b MacMillan |c 1998 | ||
| 500 | |a Complementario con cassette Beeline 6: units 1-16 | ||
| 650 | 0 | |a Inglés |9 260023 | |
| 650 | 0 | |a Educación lingüística |9 306506 | |
| 650 | 0 | |a Enseñanza del inglés |9 367340 | |
| 650 | 0 | |a Educación básica |9 224933 | |
| 650 | 0 | |a Métodos de enseñanza |9 270413 | |
| 650 | 0 | |a Libros de texto |9 270019 | |
| 583 | |a last modification |c 20010316 00:00:00 |k Rodrigo Vera | ||
| 999 | |c 343715 |d 343713 | ||
| 952 | |0 0 |1 0 |4 0 |6 372_652100000000000_KNI_1998 |7 0 |8 A |9 441234 |a BIBEDU |b BIBEDU |d 2019-11-22 |i 3693066 |o 372.6521 KNI 1998 |p 3693066 |r 2019-11-22 |w 2019-11-22 |y BK |k LIT | ||